000
00221nam a2200097Ia 4500
005
20251222114405.0
008
251222s1900||||xx |||||||||||||| ||spa||
082
_a
DVD0050/W12M/T.2
245
0
_a
Matrix recargado
942
_c
DVD
999
_c
1783
_d
1783